000 00873nas a2200289 4500
001 BR9902640
003 BR-BrBNA
005 20231205101423.0
007 ta
008 230509b bl.|||p| |||| 00| 00por d
040 _aBR-BrBNA
_bpor
_cBiblioteca Nacional de Agricultura
041 _a(Pt)
072 _aL51
100 1 _aSoares, J.M.
100 1 _aOliveira, M.G. de A.
100 1 _aDonzele, J.L.
100 1 _aMoraes, G.H.K. de
245 1 _aAtividade enzimatica da tripsina e quimotripsina do pancreas e do quimo de leitoes do nascimento aos 35 dias de idade
650 _aLeitao
650 _aAtividade Enzimica
650 _aPancreas
650 _aDieta
650 _aRacao
773 0 _tRevista Ceres (Brazil)
_xISSN 0034-737X
_g(Mar-Apr 1999), v. 46(264) p. 125-139
_wBR9902640
909 _a202311
_bLúcia
_c55
_dLúcia Elande
942 _2AGRIS
_n0
_cANA
999 _c161725
_d161725